00405nam a2200145Ia 4500003000900000008004100009020001800050040001600068080001600084100001800100245007900118260003200197300001600229650001400245IN-BaIIA211028s9999 xx 000 0 eng d a0-7167-1350-0 cIIA Library a524.85bATK aAtkins, P. W. 4aThe creationcAtkins P. W.  aOxfordbW. H. Freemanc1981 aviii, 132p. aCosmogony